César frente a Afranio y Petreyo en la campaña del Segre (Record no. 43813)
[ view plain ]
| 000 -LEADER | |
|---|---|
| campo de control de longitud fija | 01045nam a2200205 i 4500 |
| 001 - NÚMERO DE CONTROL | |
| campo de control | 43813 |
| 003 - IDENTIFICADOR DE NÚMERO DE CONTROL | |
| campo de control | ES-MaACL |
| 005 - FECHA Y HORA DE LA ÚLTIMA TRANSACCIÓN | |
| campo de control | 20250816063127.0 |
| 007 - CAMPO FIJO DE DESCRIPCIÓN FÍSICA--INFORMACIÓN GENERAL | |
| campo de control de longitud fija | t| |
| 008 - DATOS DE LONGITUD FIJA--INFORMACIÓN GENERAL | |
| campo de control de longitud fija | 030318s1952 sp ||||1| spa d |
| 100 1# - ENTRADA PRINCIPAL--NOMBRE DE PERSONA | |
| Nombre de persona | César, Cayo Julio, |
| Fechas asociadas al nombre | 100 a.C.-44 a.C. |
| 9 (RLIN) | 37671 |
| 245 10 - MENCIÓN DEL TÍTULO | |
| Título | César frente a Afranio y Petreyo en la campaña del Segre |
| Resto del título | : relato militar que de estos episodios hizo el mismo César en sus "Comentarios de la Guerra Civil" seguidos de la versión poética que de ellos nos logró en su "Pharsalia" el poeta M. Annes Lucano / |
| Mención de responsabilidad, etc. | Cayo Julio Cesar ; introducción, traducción y notas de Manuel Guallar Pérez. |
| 260 ## - PUBLICACIÓN, DISTRIBUCIÓN, ETC. | |
| Lugar de publicación, distribución, etc. | Lérida : |
| Nombre del editor, distribuidor, etc. | La Editora Leridana, |
| Fecha de publicación, distribución, etc. | 1952. |
| 300 ## - DESCRIPCIÓN FÍSICA | |
| Extensión | 99 p. ; |
| Dimensiones | 24 cm. |
| 500 ## - NOTA GENERAL | |
| Nota general | Precede al tít.: Consejo Superior de Investigaciones Científicas. Instituto de Estudios Ilerdenses. Patronato José María Quadrado. |
| 700 1# - ENTRADA AGREGADA--NOMBRE PERSONAL | |
| Nombre de persona | Guallar Pérez, Manuel. |
| 9 (RLIN) | 60291 |
| 710 2# - ENTRADA AGREGADA--NOMBRE DE ENTIDAD CORPORATIVA | |
| Nombre de entidad corporativa o nombre de jurisdicción como elemento de entrada | Instituto de Estudios Ilerdenses. |
| 9 (RLIN) | 4911 |
| 852 ## - LOCALIZACIÓN | |
| Ubicación | ES-MaACL |
| Número de control de estantería | 1962-F-21 |
| Sublocalización o colección | R.35416 |
| Estatus retirado | Estado de pérdida | Estado de daño | No para préstamo | Colección | Biblioteca de origen | Biblioteca actual | Ubicación en estantería | Fecha de adquisición | Fuente de adquisición | Total de préstamos | Signatura topográfica completa | Código de barras | Visto por última vez | Precio de reemplazo | Tipo de ítem Koha |
|---|---|---|---|---|---|---|---|---|---|---|---|---|---|---|---|
| Colección de folletos | Biblioteca del Ateneo de Madrid | Biblioteca del Ateneo de Madrid | Depósito folletos | 17/01/2008 | 1962-F-21 | 1046119 | 23/02/2023 | 23/02/2023 | Folleto |
